| 000 | 00563nam a2200169Ia 4500 | ||
|---|---|---|---|
| 008 | 110201s9999 xx 000 0 und d | ||
| 082 |
_bB8857 _aKS 1318 |
||
| 100 | _aटिळेकर चंद्रसेन | ||
| 245 | _aरतीनीती कथा | ||
| 260 | _bअनुबंध प्रकाशन | ||
| 365 | _b200 | ||
| 600 | _aटिळेकर चंद्रसेन | ||
| 630 | _aरतीनीती कथा | ||
| 700 | _aटिळेकर चंद्रसेन | ||
| 730 | _aरतीनीती कथा | ||
| 942 | _cBOOK | ||
| 999 |
_c834321 _d834318 |
||